000 00936nas a2200325 4500
001 BR2014002945
003 BR-BrBNA
005 20231205124017.0
007 ta
008 230509b bl.|||p| |||| 00| 00por d
040 _aBR-BrBNA
_bpor
_cBiblioteca Nacional de Agricultura
041 _a(Pt)
072 _aF04; H10
100 1 _aBernardo, J.T.
100 1 _aFreitas, L.G. de
100 1 _aYamada, J.K.
100 1 _aAlmeida, V.S.
100 1 _aDallemole-Giaretta, R.
100 1 _aFerraz, S.
245 1 _aEfeito de adubos orgânicos sobre Meloidogyne javanica em tomateiro
650 _aTOMATE
650 _aMELOIDOGYNE JAVANICA
650 _aNEMATÓIDE
650 _aADUBO ORGÂNICO
650 _aNEMATICIDA
650 _aDOSE
773 0 _tNematologia Brasileira (Brazil)
_xISSN 0102-2997
_g(Jun 2011), v. 35(1-2) p. 10-19
_wBR2014002945
909 _a202311
_bLúcia
_c55
_dLúcia Elande
942 _2AGRIS
_n0
_cANA
999 _c236885
_d236885